| 000 | 00778nac a22002051u 4500 | ||
|---|---|---|---|
| 010 | _a 2006920352 | ||
| 020 | _a032432071X | ||
| 082 | 0 | 0 |
_a338.433621 _bS234 |
| 090 |
_c2355 _d2355 |
||
| 100 | _aSanterre, Rexford E. | ||
| 245 | 1 | 0 |
_aHealth economics : _btheories, insights, and industry studies / _cRexford E. Santerre, Stephen P. Neun. |
| 250 | _a4th ed. | ||
| 260 |
_aMason, Ohio : _bThomson/South-Western,2007 _c2007. |
||
| 300 |
_axxi, 586 p. : _bill. ; _c24 cm. |
||
| 504 | _aIncludes bibliographical references and index. | ||
| 650 | 0 | _aMedical economics. | |
| 700 | 1 | _aNeun, Stephen P. | |
| 942 |
_cBB _k338.433621 S234 |
||
| 999 |
_c2355 _d2355 |
||